000 00651nas a2200241 4500
001 BR9603379
003 BR-BrBNA
005 20231205094826.0
007 ta
008 230509b bl.|||p| |||| 00| 00por d
040 _aBR-BrBNA
_bpor
_cBiblioteca Nacional de Agricultura
041 _a(Pt)
072 _aF01; F30
100 1 _aMachado, N.F.
100 1 _aDalpiva, R.C.
245 1 _aCanola (Brassica napus Linne)
650 _aColza
650 _aVariedade
650 _aPratica Cultural
773 0 _tRevista Batavo (Brazil)
_x
_g(Nov 1991), v. 1(1) p. 9-13
_wBR9603379
909 _a202311
_bLúcia
_c55
_dLúcia Elande
942 _2AGRIS
_n0
_cANA
999 _c147099
_d147099